000 00479nam a2200193Ia 4500
008 131103s9999 xx 000 0 und d
020 _a330314424
040 _aLoreto College
041 _aEnglish
082 _aF/FRA
_bLCBED/10845
100 _aFrancis, Dick
245 _aStraight
_cDick Francis
260 _aLondon
_bPan books
_c1989
300 _a301p.
_c 18 cm.
650 _aEnglish fiction
651 _aEnglish literature
850 _aLCBED/F/FRA
942 _cBK
999 _c32390
_d82869